| 000 | 00590nam a2200217 a 4500 | ||
|---|---|---|---|
| 999 |
_c4833 _d4833 |
||
| 003 | BD-JhCC | ||
| 005 | 20171204095257.0 | ||
| 008 | 171204s1962 u a|||| || | 001 0 eng d | ||
| 035 | _a(BD-JhCC) | ||
| 040 |
_aBD-JhCC _dBD-JhCC |
||
| 041 | _aeng | ||
| 082 |
_a951.05 _bHSI 1962 |
||
| 100 | _aHsieh, Alice Langley | ||
| 245 |
_aCommunist China's Strategy in The Nuclear Era / _c Alice Langley Hsieh, |
||
| 260 |
_aUSA : _bPrentice-Hall, Inc. _c1962. |
||
| 300 |
_a203 p. : _c20 cm. |
||
| 504 | _aBibliography | ||
| 650 |
_aChina _zMilitary Policy |
||
| 942 |
_2ddc _cBK |
||